Born in California Quiz Stats

 Plays Quiz Updated Apr 21, 2015

Also try: Born in New York
Challenge
Share
Tweet
Score 0/30 Timer 05:00
7 Plays Today
% Correct
Marilyn Monroe
96.2%
Tiger Woods
94.3%
Tom Hanks
93.9%
Steve Jobs
92.2%
Dwayne Johnson
91.4%
Leonardo DiCaprio
91%
Mary Kate & Ashley Olsen
90.9%
Cher
90.5%
Katy Perry
90%
Richard Nixon
88.4%
Jack Black
87.7%
Bruce Lee
86.8%
Clint Eastwood
85.4%
Cameron Diaz
84.7%
Snoop Dogg
83.5%
% Correct
Kim Kardashian
78.6%
Tyra Banks
72.3%
O.J. Simpson
70%
Jodie Foster
69.2%
Zooey Deschanel
66.1%
Diane Keaton
61.7%
Paula Abdul
54.9%
Barry Bonds
50%
Jeremy Lin
46.6%
Julia Child
38.7%
Landon Donovan
37.2%
Josh Groban
34.7%
Billie Jean King
29.8%
Etta James
27.5%
Oscar De La Hoya
20.4%

You're not logged in!

Compare scores with friends on all Sporcle quizzes.
OR
Log In

You Might Also Like...

Show Comments

Extras

Top Quizzes Today


Score Distribution

Your Account Isn't Verified!

In order to create a playlist on Sporcle, you need to verify the email address you used during registration. Go to your Sporcle Settings to finish the process.

Report this User

Report this user for behavior that violates our Community Guidelines.

Details: